| 000 | 00622nam a2200205 a 4500 | ||
|---|---|---|---|
| 005 | 20210219153447.0 | ||
| 008 | 991125n 000 0 eng u | ||
| 035 | _aUPN01000101156 | ||
| 100 | _aSELWYN, Neil | ||
| 222 | _aCOMPUTERS AND EDUCATION : AN INTERNATIONAL JOURNAL | ||
| 245 | _aStudent's attitudes toward computers : validation of a computer attitude scale for 16-19 education | ||
| 260 | _aNew York, EUA | ||
| 300 | _a35-41 | ||
| 362 | _a1997 Vol. 28, no. 1, jan. | ||
| 653 | 0 | _aACTITUDES ESTUDIANTILES | |
| 653 | 0 | _aADOLESCENTES | |
| 653 | 0 | _aCOMPUTADORA | |
| 904 |
_aAC _b038967 |
||
| 905 | _aArticulo | ||
| 999 |
_c77487 _d77487 |
||